BIBLIOTECA

SENCICO

La rehabilitación y el mantenimiento de las carreteras del Perú ,Parte 2 (Registro nro. 2669)

Detalles MARC
000 -LEADER
fixed length control field 00707nam a2200193Ia 4500
005 - DATE AND TIME OF LATEST TRANSACTION
control field 20251020182549.0
008 - FIXED-LENGTH DATA ELEMENTS--GENERAL INFORMATION
fixed length control field 200515s9999 xx 000 0 und d
082 ## - DEWEY DECIMAL CLASSIFICATION NUMBER
Classification number G8.2.05/C1/651
110 ## - MAIN ENTRY--CORPORATE NAME
Corporate name or jurisdiction name as entry element Colegio de Ingenieros del Perú
245 #0 - TITLE STATEMENT
Title La rehabilitación y el mantenimiento de las carreteras del Perú ,Parte 2
260 ## - PUBLICATION, DISTRIBUTION, ETC.
Place of publication, distribution, etc. Lima
260 ## - PUBLICATION, DISTRIBUTION, ETC.
Date of publication, distribution, etc. 1992
300 ## - PHYSICAL DESCRIPTION
Extent 533
520 ## - SUMMARY, ETC.
Summary, etc. Importancia de la base y el suelo en los pavimentos, experiencias de carreteras en EEUU, concreto rodillado en pavimentos, técnicas de productos, panorama de la ingeniería peruana y el programa de rehabilitación de carreteras
650 ## - SUBJECT ADDED ENTRY--TOPICAL TERM
Topical term or geographic name entry element CARRETERAS
650 ## - SUBJECT ADDED ENTRY--TOPICAL TERM
Topical term or geographic name entry element LIB
650 ## - SUBJECT ADDED ENTRY--TOPICAL TERM
Topical term or geographic name entry element PAVIMENTOS
942 ## - ADDED ENTRY ELEMENTS (KOHA)
Koha item type Libros
Existencias
Fecha de la última vez que lo usaron Pago total Signatura topográfica completa Código de barras Precio efectivo desde Tipo de documento Estado perdido Estado dañado No es para préstamo Retirado Ubicación permanente Ubicación actual Fecha de adquisición
15/05/2020   G8.2.05/C1/651 Bib-Lima15052669 15/05/2020 Libros         Biblioteca Central Lima Biblioteca Central Lima 15/05/2020